[Event "Eastern Asia-ch U20 Girls"]
[Site "Gangneung"]
[Date "2018.08.08"]
[Round "7.3"]
[White "Khuslen, Tuya"]
[Black "Lee, Seyeon"]
[Result "1/2-1/2"]
[WhiteElo "1638"]
[BlackElo "1694"]
[PlyCount "115"]
[EventDate "2018.08.02"]
[EventType "tourn"]
[EventRounds "7"]
[EventCountry "KOR"]
[SourceTitle "EXT 2024"]
[Source "ChessBase"]
[SourceDate "2023.10.10"]
[SourceVersion "1"]
[SourceVersionDate "2023.10.10"]
[SourceQuality "1"]

1. e4 e5 2. Nf3 Nc6 3. Bb5 a6 4. Ba4 Nf6 5. 0-0 d6 6. Re1 Be7 7. h3 0-0 8. d3 b5 9. Bb3 Na5 10. c3 Nxb3 11. axb3 c5 12. Na3 Bb7 13. Bd2 Rc8 14. Be3 Qc7 15. c4 b4 16. Nb1 Ra8 17. Nbd2 Bc8 18. Nf1 Nd7 19. Bd2 Nb6 20. Ne3 Bd7 21. Qc2 a5 22. Ra2 Ra7 23. Rea1 Rfa8 24. Kf1 g6 25. g4 Qc8 26. Ke2 Qe8 27. h4 Qc8 28. g5 f5 29. Qd1 fxe4 30. dxe4 Bc6 31. Qc2 Qb7 32. Nd5 Nxd5 33. exd5 Bd7 34. Be3 a4 35. Nd2 Bf5 36. Qd1 axb3 37. Qxb3 Kg7 38. f3 Qd7 39. Rxa7 Rxa7 40. Rxa7 Qxa7 41. Qxb4 Qa1 42. Qa3 Qh1 43. Bf2 Bc2 44. Be1 Qh2+ 45. Bf2 Bd1+ 46. Kxd1 Qxf2 47. Qa7 Kf8 48. Qb8+ Kf7 49. Qc8 Qxh4 50. Qe6+ Kf8 51. Ne4 Qh1+ 52. Ke2 Qg2+ 53. Ke1 Qxf3 54. Nf6 Qe3+ 55. Kd1 Qd3+ 56. Kc1 Qxc4+ 57. Kb1 Qd3+ 58. Kc1 1/2-1/2

[Event "Eastern Asia-ch U20 Girls"]
[Site "Gangneung"]
[Date "2018.08.06"]
[Round "5.2"]
[White "Nguyen, Thi Minh Oanh"]
[Black "Lee, Seyeon"]
[Result "1-0"]
[WhiteElo "1872"]
[BlackElo "1694"]
[PlyCount "80"]
[EventDate "2018.08.02"]
[EventType "tourn"]
[EventRounds "7"]
[EventCountry "KOR"]
[SourceTitle "EXT 2024"]
[Source "ChessBase"]
[SourceDate "2023.10.10"]
[SourceVersion "1"]
[SourceVersionDate "2023.10.10"]
[SourceQuality "1"]

1. d4 d5 2. Bg5 Nf6 3. Nf3 e6 4. e3 Be7 5. c4 0-0 6. Bd3 b6 7. 0-0 Bb7 8. Nc3 Nbd7 9. Rc1 c5 10. cxd5 Nxd5 11. Bxe7 Qxe7 12. Ne4 Rac8 13. a3 cxd4 14. Nxd4 Rxc1 15. Qxc1 Rc8 16. Qb1 N7f6 17. Nb5 a6 18. Nbd6 Rd8 19. Nxb7 Qxb7 20. Rc1 Nxe4 21. Bxe4 f5 22. Bf3 Rc8 23. Rd1 Rd8 24. h3 g6 25. e4 fxe4 26. Qxe4 Qf7 27. Qc4 Qb7 28. Qe2 Kf7 29. Qe5 Qc6 30. Qg5 Qd6 31. Qh6 Kg8 32. h4 Qf8 33. Qg5 Qd6 34. h5 Rd7 35. hxg6 Kh8 36. Be4 Rg7 37. Qh4 Qc7 38. gxh7 Qd7 39. Qh5 Qc6 40. Qe5 Qa8 1-0

[Event "Eastern Asia-ch U20 Girls"]
[Site "Gangneung"]
[Date "2018.08.03"]
[Round "2.4"]
[White "Singgih, Diajeng Theresa"]
[Black "Lee, Seyeon"]
[Result "1/2-1/2"]
[WhiteElo "2134"]
[BlackElo "1694"]
[PlyCount "92"]
[EventDate "2018.08.02"]
[EventType "tourn"]
[EventRounds "7"]
[EventCountry "KOR"]
[SourceTitle "EXT 2024"]
[Source "ChessBase"]
[SourceDate "2023.10.10"]
[SourceVersion "1"]
[SourceVersionDate "2023.10.10"]
[SourceQuality "1"]

1. e4 e5 2. Nf3 Nc6 3. Bb5 a6 4. Ba4 Nf6 5. 0-0 d6 6. d4 b5 7. Bb3 Be7 8. c3 0-0 9. a4 Bg4 10. Be3 Na5 11. Ba2 c6 12. b4 Nb7 13. Nbd2 Qc7 14. h3 Bh5 15. Qc2 Rac8 16. Nh2 Bg6 17. f4 exf4 18. Bxf4 Qb6 19. Bg5 c5 20. Qb2 h6 21. Bh4 Rfe8 22. bxc5 dxc5 23. e5 cxd4 24. c4 Nh7 25. Bf2 Rcd8 26. cxb5 axb5 27. axb5 Na5 28. Nc4 Nxc4 29. Bxc4 Qc5 30. Rfc1 Qxe5 31. Nf3 Qf4 32. Bxd4 Bf6 33. Bxf6 Nxf6 34. Ra6 Kh7 35. Ra3 Ne4 36. b6 Nd2 37. Bb5 Re7 38. Kh1 Ne4 39. Ba6 Ng3+ 40. Kg1 Ne2+ 41. Bxe2 Rxe2 42. Qc3 Qg3 43. Ne1 Qf2+ 44. Kh2 Qf4+ 45. Kg1 Qf2+ 46. Kh2 Rd3 1/2-1/2

[Event "Olympiad Women-42"]
[Site "Baku"]
[Date "2016.09.12"]
[Round "10.2"]
[White "Miller, Rachel"]
[Black "Lee, Seyeon"]
[Result "0-1"]
[WhiteElo "1971"]
[BlackElo "1577"]
[PlyCount "176"]
[EventDate "2016.09.02"]
[EventType "team-swiss"]
[EventRounds "11"]
[EventCountry "AZE"]
[SourceTitle "CBM 174 Extra"]
[Source "ChessBase"]
[SourceDate "2016.10.10"]
[SourceVersion "1"]
[SourceVersionDate "2016.10.10"]
[SourceQuality "1"]
[WhiteTeam "Jamaica (W)"]
[BlackTeam "South Korea (W)"]
[WhiteTeamCountry "JAM"]
[BlackTeamCountry "KOR"]

1. e4 c5 2. Nc3 Nc6 3. f4 d6 4. Nf3 g6 5. Bb5 Bg7 6. 0-0 Bd7 7. Bc4 e6 8. d3 Nge7 9. f5 exf5 10. Qe1 Ne5 11. Bb3 Qc7 12. exf5 Bxf5 13. Ng5 0-0-0 14. Nxf7 Nxf7 15. Bxf7 Nc6 16. Be6+ Bxe6 17. Qxe6+ Qd7 18. Qd5 Bd4+ 19. Kh1 Rhf8 20. Bg5 Nb4 21. Qb3 Rde8 22. a3 Nc6 23. Nd5 Rf5 24. Bh4 Rh5 25. Bg3 Qg7 26. c3 Be5 27. Nf4 Rf5 28. Ne6 Qe7 29. Rxf5 gxf5 30. Bxe5 dxe5 31. d4 Qxe6 32. d5 Qf7 33. c4 Nd4 34. Qa4 b6 35. b4 Qd7 36. Qa6+ Qb7 37. Qa4 Rd8 38. bxc5 bxc5 39. Qd1 Qa6 40. Qf1 Qg6 41. Qf2 Rg8 42. Rb1 Kc7 43. Qb2 Qa6 44. a4 Kd6 45. Qd2 f4 46. Qd3 Qxa4 47. Qxh7 Qc2 48. Qh6+ Qg6 49. Qxg6+ Rxg6 50. Ra1 Ke7 51. Rxa7+ Kd8 52. Ra3 e4 53. g3 Rf6 54. gxf4 Rxf4 55. Kg2 Nf5 56. Ra6 e3 57. Re6 Rf2+ 58. Kg1 Rc2 59. h4 Rxc4 60. h5 Rh4 61. h6 Rxh6 62. Re5 Rf6 63. d6 c4 64. Re4 Ng3 65. Rxe3 Nf5 66. Rf3 Rf7 67. Rc3 Nxd6 68. Kg2 Kd7 69. Rc2 Kc6 70. Kg3 Kc5 71. Kg4 Ne4 72. Re2 Kd4 73. Ra2 c3 74. Ra8 Nc5 75. Rd8+ Kc4 76. Rd1 c2 77. Rc1 Kc3 78. Kg5 Nd3 79. Rxc2+ Kxc2 80. Kg6 Rf1 81. Kg5 Ne5 82. Kh4 Rg1 83. Kh3 Kd3 84. Kh2 Rg8 85. Kh1 Ke3 86. Kh2 Kf3 87. Kh1 Kf2 88. Kh2 Rh8# 0-1